00275nam a2200121Ia 45000030006000000080041000060400015000471000018000622450024000802600020001045460012001240050017001360STCL150530s9999 xx 000 0 und d aSTCLcSTCL aTodhunter, I. aTheory of equations bMacmillanc1888 aEnglish20220125165933.0